00523nam a22001577a 4500008004500000020001500045082001600060100002300076245010100099250001200200260004700212300001700259650002800276650002100304650004000325241114b 1992 ||||| |||| 00| 0 eng d a185044482X a623.82bCLA aClarke, Malcolm A. aShipbuilding contracts : a comparative analysis of contracts in the major maritime jurisdictions a2nd ed. aLondonbLloyd's of London Press Ltd.c1992 axxxiv, 265p. aThe passing of property aTime of Delivery aBuilder's default : Cause of action